Films se déroulant à Cannes par images - Statistiques

Statistiques générales
  • Ce quiz a été pris 637 fois
  • Le résultat moyen est 4 sur 16
Statistiques - réponses
Par images Réponse % Correct
Les Vacances de Mr Bean
88%
La Cité de la peur
80%
Alibi.com
59%
L'Arnacœur
48%
Rocketman
40%
Le Transporteur: Héritage
11%
La Main au collet
9%
Mélodie en sous-sol
9%
Le Coup du parapluie
6%
Ronin
6%
Le Diamant du Nil
3%
Quatre Étoiles
3%
French Kiss
1%
Gueule d'amour
1%
Roman de gare
1%
Tendre Voyou
1%
Aucun quiz correspondant
Distribution des résultats
% des personnes avec chaque résultat
Percentile par nombre de réponses
Votre historique - résultats
Vous n’avez pas pris ce quiz